Tiềm năng, thực trạng và giải pháp phát triển sản phẩm du lịch đêm tại thành phố Đà Nẵng
Cở sở lý luận và thực tiễn về sản phẩm du lịch đêm. Tiềm năng và thực trạng phát triển của sản phẩm du lịch đêm ở thành phố Đà Nẵng. Định hướng và giải pháp phát triển sản phẩm du lịch đêm tại thành phố Đà Nẵng
שמור ב:
| מחבר ראשי: | |
|---|---|
| מחברים אחרים: | |
| פורמט: | ספר |
| שפה: | Vietnamese |
| יצא לאור: |
Đà Nẵng
Đại học Sư phạm, Đại học Đà Nẵng
2013
|
| נושאים: | |
| תגים: |
הוספת תג
אין תגיות, היה/י הראשונ/ה לתייג את הרשומה!
|
| Thư viện lưu trữ: | Mạng thư viện Đại học Đà Nẵng |
|---|
| LEADER | 01806nam a2200361 4500 | ||
|---|---|---|---|
| 001 | 000019109 | ||
| 003 | 15544 | ||
| 005 | 20140320150341.0 | ||
| 008 | 140317s2013 viesd | ||
| 041 | |a vie | ||
| 072 | |a VNH | ||
| 082 | 1 | 4 | |a 915.975104 |b LÊ-D |
| 100 | 1 | |a Lê Bảo Hoài Dung | |
| 245 | 1 | 0 | |a Tiềm năng, thực trạng và giải pháp phát triển sản phẩm du lịch đêm tại thành phố Đà Nẵng |c Lê Bảo Hoài Dung ; Trần Thị Mai An hướng dẫn |k Khóa luận tốt nghiệp |
| 260 | |a Đà Nẵng |b Đại học Sư phạm, Đại học Đà Nẵng |c 2013 | ||
| 300 | |a 83 tr., phụ lục 7 tr. |b Hình mh. |c 29 cm. | ||
| 500 | |a Khóa luận tốt nghiệp đại học. Chuyên ngành: Cử nhân Việt Nam học | ||
| 520 | |a Cở sở lý luận và thực tiễn về sản phẩm du lịch đêm. Tiềm năng và thực trạng phát triển của sản phẩm du lịch đêm ở thành phố Đà Nẵng. Định hướng và giải pháp phát triển sản phẩm du lịch đêm tại thành phố Đà Nẵng | ||
| 650 | 0 | 4 | |a Sản phẩm du lịch |v Khóa luận tốt nghiệp |x Nghiên cứu |z Đà Nẵng |
| 653 | |a Sản phẩm du lịch đêm | ||
| 653 | |a Khoa Lịch sử | ||
| 653 | |a Du lịch đêm | ||
| 700 | 1 | |a Trần Thị Mai An |e Hướng dẫn | |
| OWN | |a LSP | ||
| AVA | |a UDN50 |b LSP |d 915.975104 LÊ-D |e available |t Error 5001 Not defined in file expand_doc_bib_avail. |f 1 |g 0 |h N |i 0 |k 1 | ||
| 999 | |a From the UDN01 | ||
| AVA | |a UDN50 |b LSP |d 915.975104 LÊ-D |e available |t Error 5001 Not defined in file expand_doc_bib_avail. |f 1 |g 0 |h N |i 0 |k 1 | ||
| TYP | |a Monograph | ||
| TYP | |a Printed language | ||
| 980 | |a Mạng thư viện Đại học Đà Nẵng | ||